000 00430nam a2200181 a 4500
001 9422
005 20180713193419.0
008 140415s1993 mx 000 0 spa d
041 _aspa
082 _a320.01
_bARI
100 1 _aAristotle,.
245 1 3 _aLA POLITICA
250 _a1a ed.
260 _aMEXICO :
_bESPASA-CALPE MEXICANA,
_c1993
300 _a246
490 _aAUSTRAL
_v239
650 1 4 _aPOLITICA
999 _c9422
_d9422